ENCICLOPEDIA UNIVERSAL ILUSTRADA : (Registro nro. 56650)
[ vista simple ]
| 000 -LEADER | |
|---|---|
| fixed length control field | 01077nam a2200193 a 4500 |
| 001 - CONTROL NUMBER | |
| control field | 56650 |
| 005 - DATE AND TIME OF LATEST TRANSACTION | |
| control field | 20180714052520.0 |
| 008 - FIXED-LENGTH DATA ELEMENTS--GENERAL INFORMATION | |
| fixed length control field | 140415s2011 sp 000 0 spa d |
| 020 ## - INTERNATIONAL STANDARD BOOK NUMBER | |
| International Standard Book Number | 9788467006636 |
| 041 ## - LANGUAGE CODE | |
| Language code of text/sound track or separate title | spa |
| 082 ## - DEWEY DECIMAL CLASSIFICATION NUMBER | |
| Classification number | 036 |
| Item number | ENC |
| 245 00 - TITLE STATEMENT | |
| Title | ENCICLOPEDIA UNIVERSAL ILUSTRADA : |
| Remainder of title | EUROPEO-AMERICANA SUPLEMENTO 2009-2010 |
| 250 ## - EDITION STATEMENT | |
| Edition statement | 1a ed. |
| 260 ## - PUBLICATION, DISTRIBUTION, ETC. | |
| Place of publication, distribution, etc. | ESPAÑA : |
| Name of publisher, distributor, etc. | ESPASA-CALPE, |
| Date of publication, distribution, etc. | 2011 |
| 300 ## - PHYSICAL DESCRIPTION | |
| Extent | 419 |
| Dimensions | 17 x 5 x 25.3 |
| 500 ## - GENERAL NOTE | |
| General note | JUAN MIGUEL SANCHEZ VIGIL, Y MARIA OLIVERA ZALDUA, SON EDITO |
| 520 ## - SUMMARY, ETC. | |
| Summary, etc. | ES LA GRAN ENCICLOPEDIA ESPAÑOLA DEL SIGLO XX, CONTINUADORA DE ANTERIORES PROYECTOS, COMO LA ENCICLOPEDIA MODERNA: DICCIONARIO UNIVERSAL DE LITERATURA, CIENCIAS, ARTES, AGRICULTURA, INDUSTRIA Y COMERCIO DE 29 TOMOS, CON APÉNDICES POSTERIORES HASTA LLEGAR A LOS 39 TOMOS, O LA PRIMERA ENCICLOPEDIA MODERNA EN MÚLTIPLES VOLÚMENES PUBLICADA EN LENGUA ESPAÑOLA, EL DICCIONARIO ENCICLOPÉDICO HISPANO AMERICANO DE LA EDITORIAL MONTANER Y SIMÓN, PUBLICADO EN 26 VOLÚMENES ENTRE 1887 Y 1899. |
| 650 14 - SUBJECT ADDED ENTRY--TOPICAL TERM | |
| Topical term or geographic name entry element | ENCICLOPEDIAS Y DICCIONARIOS |
| Withdrawn status | Lost status | Source of classification or shelving scheme | Damaged status | Not for loan | Collection code | Home library | Current library | Shelving location | Date acquired | Source of acquisition | Inventory number | Total Checkouts | Full call number | Barcode | Date last seen | Price effective from | Koha item type |
|---|---|---|---|---|---|---|---|---|---|---|---|---|---|---|---|---|---|
| Dewey Decimal Classification | Referencia | Biblioteca Karol Wojtyla | Biblioteca Karol Wojtyla | Área de silencio | 03/12/2013 | Compra | 151000000000000000071486 | '036 ENC | 85572 | 05/01/2026 | 03/12/2013 | Libro R |